Vista normal Vista MARC

Entrada Topical Term

Número de registros utilizados en: 6

001 - CONTROL NUMBER

  • control field: 7738

003 - CONTROL NUMBER IDENTIFIER

  • control field: OSt

005 - DATE AND TIME OF LATEST TRANSACTION

  • control field: 20200723172537.0

008 - FIXED-LENGTH DATA ELEMENTS

  • fixed length control field: 200723|| aca||aabn | a|a d

040 ## - CATALOGING SOURCE

  • Original cataloging agency: OSt
  • Transcribing agency: OSt

150 ## - HEADING--TOPICAL TERM

  • Topical term or geographic name entry element: Poesía francesa

670 ## - SOURCE DATA FOUND

  • Source citation: Work cat.: (OSt)3317: Nerval, Gérard de, 1808 -1855, autor 7737, Sylvie : , ©2017